header

The governance of water and sanitation in Africa (Record no. 193890)

MARC details
000 -LEADER
fixed length control field 01727nam a2200373Ia 4500
100 1# - MAIN ENTRY--AUTHOR NAME
Personal name Stewart, Amy
245 14 - TITLE STATEMENT
Title The governance of water and sanitation in Africa
260 ## - PUBLICATION, DISTRIBUTION, ETC. (IMPRINT)
Place of publication London ;
-- New York :
Name of publisher Tauris Academic Studies ;
Place of publication New York :
Name of publisher Distributed in the United States and Canada exclusively by Palgrave Macmillan,
Year of publication 2009.
300 ## - PHYSICAL DESCRIPTION
Number of Pages xiv, 286 p.
490 1# - SERIES STATEMENT
Series statement International library of African studies ;
650 #0 - SUBJECT ADDED ENTRY--TOPICAL TERM
Topical Term Water resources development
Topical Term Water-supply
Topical Term Water-supply
Topical Term Water resources development
Topical Term Water quality management
Topical Term Sustainable development
700 1# - ADDED ENTRY--PERSONAL NAME
Personal name Gray, Tim,
856 40 - ELECTRONIC LOCATION AND ACCESS
Uniform Resource Identifier http://site.ebrary.com/lib/rucke/Doc?id=10377921

No items available.

© 2026 Rongo University
Contact us: librarian | system librarian | Rongo university